Loading...
Economic benefits of pilgrimage tourism : a case study of Sabarimala pilgrimage with special reference to Pandalam rural locality in Kerala
| Format: | Printed Book |
|---|---|
| Online Access: | http://10.26.1.76/ks/003089.pdf |
| LEADER | 003670000a22000850004500 | ||
|---|---|---|---|
| 245 | |a Economic benefits of pilgrimage tourism : a case study of Sabarimala pilgrimage with special reference to Pandalam rural locality in Kerala | ||
| 856 | |u http://10.26.1.76/ks/003089.pdf | ||
| 942 | |c KS | ||
| 999 | |c 72477 |d 72477 | ||
| 952 | |0 0 |1 0 |4 0 |7 0 |9 64441 |a MGUL |b MGUL |d 2015-08-01 |l 0 |r 2015-08-01 |w 2015-08-01 |y KS | ||